00301nam a22000977a 4500082001500000100002600015245007700041260002800118300001000146650004700156 aB3x54 M691 aMisra, Dinesh Chandra aE- government :bThe new frontier in governancecby Dinesh Chandra Misra aNew DelhibMatrixc2013 a524p. aInternet in public administration - India